RISK ESTIMATION ON HIGH FREQUENCY FINANC (Record no. 32739)

MARC details
000 -LEADER
fixed length control field 00331nam a2200133Ia 4500
008 - FIXED-LENGTH DATA ELEMENTS--GENERAL INFORMATION
fixed length control field 240624s9999 xx 000 0 und d
041 ## - LANGUAGE CODE
Language code of text/sound track or separate title eng
082 ## - DEWEY DECIMAL CLASSIFICATION NUMBER
Classification number 332 JAC
100 ## - MAIN ENTRY--PERSONAL NAME
Personal name JACOB FLORIAN
245 ## - TITLE STATEMENT
Title RISK ESTIMATION ON HIGH FREQUENCY FINANC
260 ## - PUBLICATION, DISTRIBUTION, ETC.
Date of publication, distribution, etc. 2015
Place of publication, distribution, etc. Germany
Name of publisher, distributor, etc. Springer
300 ## - PHYSICAL DESCRIPTION
Extent 70p. ;23cm
365 ## - TRADE PRICE
Currency code ERU
Price amount 33
Holdings
Withdrawn status Lost status Damaged status Not for loan Home library Current library Shelving location Date acquired Total Checkouts Full call number Barcode Date due Date last seen Date last checked out Copy number Price effective from Koha item type
        IMTN IMTN Rack 9-A 01/07/2022 1 332 JAC 32739 01/23/2026 01/13/2026 01/13/2026 88.7 06/24/2024 Books
Designed & Maintained by: LRC IMT Nagpur Contact: lrc@imtnag.ac.in© 2024. All Rights Reserved.